[Event "Challenge"]
[Site "http://www.queenalice.com/game.php?id=1625837"]
[Date "2020.9.3"]
[Round "-"]
[White "papilon_br"]
[Black "JSFraga_RS"]
[Result "1-0"]
[WhiteElo "1869"]
[BlackElo "1453"]

1. e4 d5 2. e5 e6 3. Nf3 f6 4. d4 f5 5. Nc3 Nc6 6. g3 Bb4 7. Bg2 Nh6 8. Bd2 Qe7
9. O-O Bd7 10. h4 a5 11. Na4 Bxd2 12. Qxd2 b6 13. Ng5 Ng4 14. f3 b5 15. Nc5 O-O
16. fxg4 fxg4 17. Rf2 Rxf2 18. Qxf2 Rf8 19. Qd2 h6 20. Nge4 h5 21. Ng5 g6 22. a4
b4 23. c3 bxc3 24. Qxc3 Nb4 25. Nxd7 Qxd7 26. b3 c6 27. Rf1 Na2 28. Rxf8+ Kxf8
29. Qc5+ Ke8 30. Qxa5 Qc8 31. Qd2 c5 32. Qxa2 cxd4 33. Qd2 Qc5 34. Nxe6 Qc8 35.
Ng5 Qf5 36. Qxd4 Qb1+ 37. Kh2 Ke7 38. Qc5+ Kd7 39. Qxd5+ Kc7 40. Ne6+ Kb6 41.
Qc6+ Ka5 42. Nc7 Kb4 43. a5 Qxb3 44. Qb5+ Ka3 45. Qxb3+ Kxb3 46. a6 Kc2 47. a7
1-0

[Event "Challenge"]
[Site "http://www.queenalice.com/game.php?id=1625838"]
[Date "2020.9.3"]
[Round "-"]
[White "JSFraga_RS"]
[Black "papilon_br"]
[Result "0-1"]
[WhiteElo "1470"]
[BlackElo "1872"]

1. e4 e5 2. d4 exd4 3. Qxd4 Nc6 4. Qe3 d6 5. Bd2 Nf6 6. Nc3 g6 7. Nf3 a6 8. a4
Bg7 9. Bd3 O-O 10. Nd5 Bg4 11. h3 Bxf3 12. Qxf3 Nd4 13. Qe3 Nxd5 14. exd5 Re8
15. Be4 Nxc2+ 16. Bxc2 Rxe3+ 17. Bxe3 Bxb2 18. Rb1 Bc3+ 19. Bd2 Qe7+ 20. Kd1
Bxd2 21. Rxb7 Ba5 22. Kc1 Qe2 23. Rxc7 Bxc7 24. Rd1 Qxf2 25. g4 Rb8 26. g5 Ba5
27. h4 Qe3+ 28. Rd2 Qxd2# 0-1

[Event "Challenge"]
[Site "http://www.queenalice.com/game.php?id=1626011"]
[Date "2020.9.5"]
[Round "-"]
[White "JSFraga_RS"]
[Black "BigWally"]
[Result "0-1"]
[WhiteElo "1468"]
[BlackElo "1497"]

1. e4 e5 2. d4 exd4 3. Qxd4 Nc6 4. Qe3 Nf6 5. Nc3 Nb4 6. Bd3 d5 7. e5 Nxd3+ 8.
Qxd3 Ng4 9. Nxd5 c6 10. h3 Nxe5 11. Qe4 Bd6 12. Nf4 Qe7 13. Nf3 O-O 14. Be3 b5
15. O-O Nxf3+ 16. Qxf3 Bb7 17. Qg4 Be5 18. c3 c5 19. Rfe1 b4 0-1

[Event "Challenge"]
[Site "http://www.queenalice.com/game.php?id=1631292"]
[Date "2020.10.29"]
[Round "-"]
[White "JSFraga_RS"]
[Black "aurelianobuendia"]
[Result "1-0"]
[WhiteElo "1451"]
[BlackElo "1398"]

1. e4 d5 2. e5 d4 3. d3 e6 4. Nf3 c5 5. c4 Nc6 6. Bg5 f6 7. exf6 gxf6 8. Bh4 Be7
9. Na3 f5 10. g3 f4 11. Bxe7 Ngxe7 12. Nb5 a6 13. Na3 Qd6 14. Qd2 Ne5 15. Qxf4
N7g6 16. Qf6 Rf8 17. Qg7 Nxf3+ 18. Kd1 e5 19. Qxh7 Bg4 20. Be2 Ne7 21. h3 Be6
22. Bxf3 O-O-O 23. h4 Rf7 24. Qh5 Rdf8 25. Be4 Rxf2 26. Nc2 Nc6 27. a3 1-0

[Event "Challenge"]
[Site "http://www.queenalice.com/game.php?id=1644656"]
[Date "2021.2.24"]
[Round "-"]
[White "mengo1982"]
[Black "JSFraga_RS"]
[Result "1-0"]
[WhiteElo "1406"]
[BlackElo "1479"]

1. e4 e5 2. Nf3 d6 3. h3 g6 4. Bc4 Be6 5. Bb5+ c6 6. Ba4 b5 7. Bb3 Nf6 8. d3 Bg7
9. O-O O-O 10. c3 h6 11. Bc2 Nbd7 12. Be3 a5 13. a3 a4 14. Re1 g5 15. Qd2 Nc5
16. Qe2 Nh5 17. Nh2 Nf4 18. Qf3 Qd7 19. Rd1 h5 20. g4 h4 21. d4 exd4 22. cxd4
Bb3 23. Bxb3 Nxb3 24. Ra2 Ne6 25. Qf5 d5 26. Nf3 f6 27. Nc3 Qd6 28. Qg6 Nf4 29.
Qf5 Nxh3+ 30. Kf1 dxe4 31. Nxe4 Qe7 32. d5 cxd5 33. Rxd5 1-0

[Event "Challenge"]
[Site "http://www.queenalice.com/game.php?id=1649568"]
[Date "2021.4.14"]
[Round "-"]
[White "Kees_Popinga"]
[Black "JSFraga_RS"]
[Result "0-1"]
[WhiteElo "1605"]
[BlackElo "1495"]

1. d4 d5 2. Nf3 e6 3. Bf4 Bd6 4. e3 b6 5. Bd3 Bxf4 6. exf4 Nf6 7. Ne5 Bb7 8. a3
Nc6 9. Nf3 Qd6 10. Qd2 Ne4 11. Qe2 Qxf4 12. Qe3 Qxe3+ 13. fxe3 O-O-O 14. Nc3 f5
15. Ne5 Nxe5 16. dxe5 d4 17. exd4 Rxd4 18. Ne2 Rd5 19. O-O-O Rhd8 20. Nf4 Nf2
21. Nxd5 Nxh1 22. Rxh1 Bxd5 23. Rg1 Be4 24. Be2 a5 25. Bh5 g6 26. Bf3 c5 27.
Bxe4 fxe4 28. Re1 Rd4 29. Rf1 h5 30. Rf6 Kd7 31. Rxg6 e3 32. c3 Rd3 33. Rg7+ Kc6
34. Kc2 Rd2+ 35. Kc1 c4 36. Rg3 Rd3 37. h4 a4 38. Rf3 e2 39. Rxd3 e1=Q+ 40. Rd1
Qxe5 41. Kd2 Qf4+ 42. Ke2 Qxh4 43. Rd4 Qg5 44. Rxc4+ Kd5 45. Rxa4 Qxg2+ 46. Kd3
Qg6+ 47. Kd2 e5 48. Ke3 Qg3+ 49. Kd2 h4 50. Rb4 h3 51. Rxb6 Qf2+ 0-1

[Event "Challenge"]
[Site "http://www.queenalice.com/game.php?id=1649809"]
[Date "2021.4.16"]
[Round "-"]
[White "cumpadretonim"]
[Black "JSFraga_RS"]
[Result "0-1"]
[WhiteElo "1511"]
[BlackElo "1496"]

1. Nf3 Nc6 2. d4 d5 3. Nc3 Bf5 4. a3 g6 5. Bf4 Nf6 6. Nb5 e5 7. dxe5 a6 8. Nbd4
Ne4 9. Nxc6 bxc6 10. Nd4 Bc5 11. Be3 Qe7 12. Nxc6 Qe6 13. Nd4 Bxd4 14. Bxd4 O-O
15. f3 Ng5 16. Qd2 Qe7 17. f4 Ne4 18. Qe3 Rac8 0-1

[Event "Challenge"]
[Site "http://www.queenalice.com/game.php?id=1649810"]
[Date "2021.4.16"]
[Round "-"]
[White "cumpadretonim"]
[Black "JSFraga_RS"]
[Result "1-0"]
[WhiteElo "1475"]
[BlackElo "1513"]

1. Nf3 Nc6 2. d4 d5 3. Nc3 g6 4. Bf4 Bg7 5. Nb5 e5 6. dxe5 Bxe5 7. Nxe5 a6 8.
Nxc6 bxc6 9. Nxc7+ Kf8 10. Nxa8 Bb7 11. Nc7 Ne7 12. Qd4 g5 13. Be5 Rg8 14. Qb6
Qc8 15. e3 Ng6 16. Bc3 Ne7 17. Bf6 Rg6 18. Bxe7+ Kg7 19. Bd3 f5 20. Qd4+ Kf7 21.
Bd6 Rxd6 22. Nxd5 cxd5 23. c4 f4 24. O-O Qd8 25. exf4 gxf4 26. Qxf4+ Rf6 27. Qg5
dxc4 28. Bxc4+ Kf8 29. Qg8+ 1-0

[Event "Challenge"]
[Site "http://www.queenalice.com/game.php?id=1763247"]
[Date "2021.6.28"]
[Round "-"]
[White "MarGuizoni"]
[Black "JSFraga_RS"]
[Result "1-0"]
[WhiteElo "1527"]
[BlackElo "1517"]

1. e4 e5 2. Nf3 d5 3. Bd3 d4 4. O-O Nc6 5. c3 Bc5 6. b4 Bb6 7. b5 Na5 8. c4 Be6
9. Na3 a6 10. Nxe5 Qd6 11. Nf3 f6 12. Re1 c6 13. e5 fxe5 14. Rxe5 O-O-O 15. Rb1
Ne7 16. bxa6 bxa6 17. Rxb6 Ng6 18. Rxa5 Qc7 19. Raxa6 Bd5 20. cxd5 Kd7 21. Rxc6
Qf4 22. Ra7+ Ke8 23. Bxg6+ hxg6 24. Qe1+ Kf8 25. Qe7+ 1-0

[Event "Challenge"]
[Site "http://www.queenalice.com/game.php?id=1764637"]
[Date "2021.7.18"]
[Round "-"]
[White "slowcheetah"]
[Black "JSFraga_RS"]
[Result "1-0"]
[WhiteElo "1432"]
[BlackElo "1501"]

1. e4 d5 2. d4 dxe4 3. Bf4 Nf6 4. c3 Nc6 5. h3 e6 6. Nd2 Bd6 7. Be3 e5 8. d5 Na5
9. Qa4+ Nd7 10. Qxa5 b6 11. Qa4 a5 12. Qc6 Ra7 13. Nxe4 Bb7 14. Qa4 O-O 15. Bg5
f6 16. Be3 Bxd5 17. Bd3 Nc5 18. Qb5 Nxe4 19. Qxd5+ Kh8 20. Qxe4 h6 21. Qh7# 1-0

[Event "Challenge"]
[Site "http://www.queenalice.com/game.php?id=1766029"]
[Date "2021.8.2"]
[Round "-"]
[White "zubarev"]
[Black "JSFraga_RS"]
[Result "0-1"]
[WhiteElo "1172"]
[BlackElo "1503"]

1. e4 e5 2. Nf3 Nc6 3. Bc4 Nf6 4. Nc3 d6 5. O-O Be6 6. Bxe6 fxe6 7. d3 Nd4 8.
Be3 c5 9. Qd2 Nxf3+ 10. gxf3 Be7 11. f4 exf4 0-1

[Event "Let's Play Chess!"]
[Site "http://www.queenalice.com/game.php?id=1767116"]
[Date "2021.8.17"]
[Round "-"]
[White "Rabsake"]
[Black "JSFraga_RS"]
[Result "0-1"]
[WhiteElo "1115"]
[BlackElo "1501"]

1. d4 d5 2. Nc3 e6 3. Nf3 Nf6 4. Bf4 Bd6 5. e3 Nc6 6. Bd3 Bd7 7. O-O Qe7 8. Na4
e5 9. dxe5 Bxe5 10. a3 h5 11. c3 Ng4 12. b4 Bxf4 13. exf4 O-O-O 14. Qe2 a6 15.
h3 Qxe2 16. Bxe2 Rde8 0-1

[Event "Challenge"]
[Site "http://www.queenalice.com/game.php?id=1784782"]
[Date "2022.3.14"]
[Round "-"]
[White "wdcarver"]
[Black "JSFraga_RS"]
[Result "1-0"]
[WhiteElo "2007"]
[BlackElo "1516"]

1. d4 d5 2. c4 Nf6 3. Nc3 e6 4. a3 Nc6 5. Bg5 h6 6. Bh4 g5 7. Bg3 Bd6 8. Bxd6
Qxd6 9. c5 Qe7 10. e3 e5 11. Nf3 Bg4 12. Be2 O-O-O 13. b4 Bxf3 14. Bxf3 e4 15.
Bg4+ Nxg4 16. Qxg4+ Kb8 17. Ne2 a6 18. O-O h5 19. Qf5 f6 20. f4 exf3 21. Qxf3 g4
22. Qxf6 Qxe3+ 23. Qf2 Qe7 24. Rae1 Qg5 25. Qf4 Qe7 26. Nc1 Qd7 27. Nb3 Rhf8 28.
Qg3 Rf7 29. Rxf7 Qxf7 30. Rf1 Qe6 31. Qf2 Rg8 32. Re1 Qd7 33. Qh4 Qf7 34. Rf1
Qg6 35. Qf2 Qe8 36. Re1 Ne7 37. Qf6 Rg6 38. Qxe7 Qxe7 39. Rxe7 h4 40. Nc1 1-0

[Event "Retraiteactive"]
[Site "http://www.queenalice.com/game.php?id=1786364"]
[Date "2022.4.5"]
[Round "1"]
[White "JSFraga_RS"]
[Black "Daniel1962"]
[Result "0-1"]
[WhiteElo "1511"]
[BlackElo "1776"]

1. e4 e5 2. Nf3 d6 3. d4 Bg4 4. h3 Bxf3 5. Qxf3 Nc6 6. d5 Nd4 7. Qd3 Nf6 8. Nc3
Qd7 9. Bg5 Be7 10. Nb5 O-O 11. c3 Nxb5 12. Qxb5 Qxb5 13. Bxb5 a6 14. Bd3 b5 15.
Bxf6 Bxf6 16. O-O-O Rfb8 17. b4 a5 18. a3 axb4 19. axb4 Ra2 20. Bb1 Bg5+ 21. Rd2
Rxd2 22. h4 Rxf2+ 23. Kd1 Be3 24. Re1 Bh6 25. g4 Bf4 26. Re2 Rf3 27. Kc2 Ra8 28.
Kb2 Rc8 29. Kb3 c5 30. bxc5 Rxc5 31. Rc2 Rc4 32. g5 g6 33. Ba2 Rxe4 34. Kb2 Ra4
35. h5 b4 36. Bb3 Ra8 37. cxb4 e4 38. b5 Be5+ 39. Kb1 Ra1# 0-1

[Event "Retraiteactive"]
[Site "http://www.queenalice.com/game.php?id=1788366"]
[Date "2022.5.6"]
[Round "2"]
[White "JSFraga_RS"]
[Black "Carlos19"]
[Result "0-1"]
[WhiteElo "1530"]
[BlackElo "1570"]

1. e4 e5 2. d4 d6 3. d5 f5 4. Nc3 fxe4 5. Nxe4 Nf6 6. Bd3 h5 7. Bg5 Be7 8. h4
Nxd5 9. Nf3 Nc6 10. Qd2 g6 11. g3 Ndb4 12. a3 Nd5 13. Nc3 Nxc3 14. Qxc3 Bg4 15.
Be4 Bxg5 16. Nxg5 Bf5 17. Qc4 Bxe4 18. Qxe4 Qf6 19. O-O O-O 20. Qd5+ Kg7 21.
Ne6+ Kh6 22. Qd2+ Kh7 23. Nxf8+ Rxf8 24. c3 a5 25. a4 Rd8 26. b4 b6 0-1